Statistics for River Source Countries

Click here to take the quiz!

General Stats

  • This quiz has been taken 41 times
  • The average score is 15 of 24

Answer Stats

HintAnswer% Correct
MekongChina
100%
GangesIndia
100%
AmazonPeru
97%
MississippiUnited States
97%
DanubeGermany
89%
VolgaRussia
89%
YukonCanada
86%
EuphratesTurkey
66%
MurrayAustralia
63%
LoireFrance
63%
TiberItaly
60%
ZambeziZambia
57%
ParanáBrazil
54%
Blue NileEthiopia
54%
AmurMongolia
54%
JordanSyria
54%
RhineSwitzerland
49%
ElbeCzech Republic
40%
OrinocoVenezuela
40%
OrangeLesotho
37%
Amu DaryaTajikistan
31%
NigerGuinea
29%
White NileRwanda
29%
Syr DaryaUzbekistan
26%

Score Distribution

Percentile by Number Answered

Percent of People with Each Score

Your Score History

You have not taken this quiz